Statistics for Premier League Winning G Players

Click here to take the quiz!

General Stats

  • This quiz has been taken 16 times
  • The average score is 2 of 7

Answer Stats

Answer% Correct
Ryan Giggs
94%
William Gallas
44%
Ilkay Gundogan
44%
Demarai Gray
31%
Geremi
19%
Tony Gale
13%
Remi Garde
0%

Score Distribution

Percentile by Number Answered

Percent of People with Each Score

Your Score History

You have not taken this quiz